00434nam a2200169Ia 450000500170000000800410001702000180005804100120007608200110008810000150009924500500011425000080016426000290017250000080020165000380020970000170024720240823024953.0240823s9999||||xx |||||||||||||| ||und|| a81-314-0867-1 aENGLISH A306 P7 aPramod Rao 0aGlobalization Indian Financial Sector Reforms a1st c2007bICFAI University  aYES aGlobalizationbManagement Studies a Anil Varmra